4, 5 and 6 Letter Grab Bag Quiz Stats

Quiz Updated Jan 20, 2017

Also try: 7-Letter Blitz
Challenge
Share
Tweet
Embed
Score 0/84 Timer 07:00
0 Plays Today
% Correct
Qatar
93.7%
June
92.4%
April
92%
Bush
91.4%
King
91.3%
Belize
90.3%
Adams
89.7%
Gold
89.3%
Iowa
89%
Seven
88.8%
August
88.5%
Bart
88.4%
Mars
88.4%
Earth
88.3%
Queen
88.1%
Homer
87.3%
Blue
87.2%
Indigo
86.7%
Osmium
86.4%
Idaho
85.4%
Bishop
85.4%
Alpha
84.8%
Green
83.9%
Five
83.5%
Saturn
83.4%
Opal
83.2%
Eleven
80.6%
Benin
80.1%
% Correct
Kansas
77.9%
Iran
77.2%
Arthur
77.1%
Ankara
76.6%
Beta
76.5%
Peru
73.6%
Mali
73.6%
Mark
72.5%
Minsk
71.6%
Maggie
71.4%
Kyiv
71.4%
Brazil
71.1%
Cuba
70%
Cubs
67.6%
Bhutan
66.5%
Anne
65.8%
Chile
65.1%
Amman
64.4%
Angels
62.6%
Argon
61.9%
Henry
61.6%
Bears
58.5%
Browns
58.4%
Jets
56.3%
Pearl
55.7%
Daniel
55.4%
Edward
54.4%
Fiji
53.8%
% Correct
Lima
53.3%
Haiti
51.5%
Angola
50.2%
Tonga
46.4%
Amos
46.1%
Abuja
44.4%
La Paz
39.8%
James
39.3%
Ankara
38.7%
Devon
37.1%
Crash
33.7%
Argo
30.3%
Bogotá
29.4%
Tuvalu
29.3%
Garnet
28.1%
Hosea
28%
Kent
23.6%
Twins
20.3%
Lambda
20.2%
Romans
19.7%
Baku
17.6%
Apia
16.2%
Asmara
15%
Dorset
13.7%
Juba
12.4%
Gandhi
12.3%
Majuro
5.9%
Yaren
5.4%

You're not logged in!

Compare scores with friends on all Sporcle quizzes.
Sign Up with Email
OR
Log In

You Might Also Like...

Show Comments

Extras

Top Quizzes Today


Score Distribution

Your Account Isn't Verified!

In order to create a playlist on Sporcle, you need to verify the email address you used during registration. Go to your Sporcle Settings to finish the process.